000
00327nam a22001457a 4500
008
221117b ||||| |||| 00| 0 eng d
020
_a
9780321639288
041
_a
eng
080
_2
9TH EDITION
_a
51
082
_a
51ANG
100
_a
22.2
101
_a
MATE
245
_a
A SURVEY OF MATHEMATICS
_c
ANGEL
942
_2
udc
_c
BK
999
_c
58935
_d
58935